• 首页
  • 本馆介绍
  • 公告通知
  • 最新文献
  • 馆藏检索
  • 电子资源
  • 读者导购
  • 参考咨询
  • 我的图书馆
  • 登录
  • 详细信息显示
  • 放入我的书架
  • 预约/预借图书
  • 作者相关作品
  • 分类相关作品
  • 丛书相关作品
  • 出版社相关作品

书目信息

  • 表格格式
  • 工作单格式
  • 卡片格式
题名:
奥运故事365精选
    
 
作者: 段炼 , 张健 , 王延郁 著
分册:  
出版信息: 北京   世界知识出版社  2008
页数: 276页
开本: 21cm
丛书名:
单 册:
中图分类: K815.47=5
科图分类:
主题词: 奥运会--优秀运动员--生平事迹--世界--现代
电子资源:
ISBN: 978-7-5012-3251-2
000 01055nam0 2200277 450
001 1548020151
005 20150118132036.01
010    @a978-7-5012-3251-2@dCNY26.00
100    @a20080506d2008 em y0chiy50 ea
101 0  @achi
102    @aCN@b110000
105    @aa z 000yd
200 1  @a奥运故事365精选@9ao yun gu shi 365 jing xuan@dOlympic stories 365@f段炼, 张健, 王延郁著@zeng
210    @a北京@c世界知识出版社@d2008
215    @a276页@c照片@d21cm@e1光盘
300    @a根据北京奥组委新闻宣传部和北京电视台联合制作同名电视系列片改编
307    @a附光盘:ISRC CN-A74-07-0030-0
330    @a本书融知识性与趣闻性于一身,带你结识伟大运动员,全面了解他们背后的故事,感受精彩的历史瞬间,从中感悟什么才是真正的奥林匹克精神。
510 1  @aOlympic stories 365@zeng
606 0  @a奥运会@x优秀运动员@x生平事迹@y世界@z现代
690    @aK815.47=5@v5
701  0 @a段炼@9duan lian@c(电视工作)@4著
701  0 @a张健@9zhang jian@c(电视台编辑)@4著
701  0 @a王延郁@9wang yan yu@4著
801  0 @aCN@bTSSF@c20150115
905    @aZUCC@dK815.47@eJY89
    
    奥运故事365精选=Olympic stories 365/段炼, 张健, 王延郁著.-北京:世界知识出版社,2008
    276页:照片;21cm+1光盘
    根据北京奥组委新闻宣传部和北京电视台联合制作同名电视系列片改编
    
    ISBN 978-7-5012-3251-2:CNY26.00
    本书融知识性与趣闻性于一身,带你结识伟大运动员,全面了解他们背后的故事,感受精彩的历史瞬间,从中感悟什么才是真正的奥林匹克精神。
●
相关链接 在E读中查询图书 在五车中查询图书 在当当中查询图书 在豆瓣中查询图书


正题名:奥运故事365精选     索取号:K815.47/JY89         预约/预借

序号 登录号 条形码 馆藏地/架位号 状态 备注
1 7851604   278516045   学院路分馆/ [索取号:K815.47/JY89] 在馆    
唐山师范学院图书馆 欢迎您!
大连网信软件有限公司© 版权所有